000 00970nam a2200301 i 4500
003 DO-SdBNP
005 20251016125355.0
007 ta
008 100303s1987 dr d 000 0 spa d
040 _aDO-SdBNP
_bspa
_cBNPHU
_erda
041 _aspa
082 _axxx
_bA485o
_222
100 1 _aAmaro Guzmán, Raymundo
_eautor
_9656
245 1 0 _aOrganigramas /
_cRaymundo Amaro Guzmán ; prólogo Luis Carlos Danín Lobo.
250 _aSegunda edición
264 1 _aSanto Domingo :
_bTiempo,
_c1987.
300 _a49 páginas
_bdiagramas
_c21 cm.
336 _2rdacontent
_atexto
_btxt
337 _2rdamedia
_asin mediación
_bn
338 _2rdacarrier
_avolumen
_bnc
490 1 _aAdministración de empresas
500 _aIncluye notas al pie de las páginas
500 _aNuevo apéndice: organigrama del sector publico
590 _aInventariado, 2023/ YL
700 1 _aDanín Lobo, Luis Carlos
_eprólogo
_922286
910 _aYLockward
942 _2ddc
_cLF2
999 _c55645
_d55645